| 000 | 01016nam a2200265 4500 | ||
|---|---|---|---|
| 003 | CO-ViMGA | ||
| 020 | _a9789583038679 | ||
| 040 |
_aCO-ViMGA _bspa _cCO-ViMGA |
||
| 082 | 0 | 4 |
_a833.91 _bR54s |
| 100 | 1 |
_aRogler, Ulrike _91280 |
|
| 245 | 1 | 0 |
_aSecuestro en el mundo de los espíritus / _cUlrike Rogler y Simone Veenstra ; ilustrador Sebastian Meyer ; traductor Karin Odermatt ; edición en español Mónica Laverde Henao |
| 260 |
_aBogota : _bPanamericana Editorial, _c2012 |
||
| 300 |
_a131 p. : _b21 cm. |
||
| 490 |
_a El fantasma del castillo _v 2 |
||
| 490 | _aHui- Buh | ||
| 500 | _aRecomendado para niños de 9 a 12 años | ||
| 534 |
_pTitulo original _t Entführung in die geisterwelt |
||
| 650 | 1 | 4 |
_aFantasmas en la literatura _91300 |
| 650 | 1 | 4 |
_aLiteratura infantil alemana _y Siglo XX _91297 |
| 650 | 1 | 4 |
_aNovela infantil alemana _y Siglo XX _91298 |
| 650 | 1 | 4 |
_aTerror en la literatura _91299 |
| 700 | 1 |
_a Odermatt, Karin _etr. _91286 |
|
| 700 | 1 |
_aMeyer, Sebastián _eil. _91285 |
|
| 942 |
_2ddc _cBK |
||
| 999 |
_c37404 _d37404 |
||